000 00955nam a2200229 i 4500
001 169760
003 ES-MaACL
005 20250815153438.0
008 081125s2002 sp a |||| | spa d
080 _a159.942.2(0:7)
080 _a75
100 0 _aGómez-Tabanera, José Manuel,
_d1926-2011
_958165
245 1 0 _aImágenes y símbolos sexuales en el arte rupestre paleolítico
_b: posibles determinantes y motivaciones /
_cJosé Manuel Gómez-Tabanera.
260 _aOviedo :
_bJ. M. Gómez-Tabanera,
_c[2002]
300 _a53 p. :
_bil. ;
_c21 cm.
594 _aEn port.: Simposio La Imagen del Sexo en la Antigüedad, ciclos de renovación de la vida, 21, 22 y 23 de marzo de 2002, Barcelona.
650 1 4 _aSexualidad-
_xEn el arte.
_9138949
650 7 _aPintura rupestre
_2embne
_9163752
711 2 _aSimposio La Imagen del Sexo en la Antigüedad (
_d.2002.
_cBarcelona)
_9138950
852 _aES-MaACL
_j2238-F-19
999 _c169760
_d169760